| 000 | 00923cam a2200289Ia 4500 | ||
|---|---|---|---|
| 001 | 27110219 | ||
| 003 | OCoLC | ||
| 005 | 20220726213649.0 | ||
| 008 | 921211s1992 sp a j 000 1 spa d | ||
| 020 |
_a8426126588 : _c$12.20 |
||
| 020 | _a9788426126580 | ||
| 040 |
_aZQP _cZQP |
||
| 041 | 1 |
_aspa _heng |
|
| 092 | _aJ SPA PICTURE BOOK | ||
| 100 | 1 | _aWilhelm, Hans. | |
| 240 | 1 | 0 |
_aCool kid-- like me. _lSpanish. |
| 245 | 1 | 3 |
_aUn chico valiente como yo / _cHans Wilhelm. |
| 246 | _aUn chico valiente como yo | ||
| 246 | _aUn chico como yo | ||
| 260 |
_aBarcelona, Spain : _bEditorial Juventud, _c1992. |
||
| 300 |
_a[31] p. : _bcol. ill. ; _c19 x 23 cm. |
||
| 500 | _aTranslation of: A cool kid--like me! | ||
| 520 | _aA young boy who is "cool" on the outside has some inner fears that he expresses to his grandmother. | ||
| 650 | 1 |
_aSelf-confidence _vFiction. |
|
| 650 | 1 |
_aGrandmothers _vFiction. |
|
| 942 | _cBK | ||
| 999 |
_c27261 _d27261 |
||